How Ridiculous General Knowledge #1 - Statistics

General Stats
  • This quiz has been taken 15 times
    14 since last reset
  • The average score is 11 of 19
Answer Stats
Question Answer % Correct
Scott Gaunson
92%
United States
92%
Brett Stanford
85%
What is the name of their fans who watch until the end? 44 Club
77%
What is the name of their editor? Jack Wallace
77%
Switzerland
77%
What year did they upload their first Video? 2009
69%
Who are the three primary members? Derrick Herron
69%
What is their home city? Perth, WA
69%
What happens if you win the Commtest? You get 'Pinned'
69%
What are their main location for videos as of 2018? Gravity Discovery Centre, WA
54%
What is the 'Commtest'? Comment Contest
38%
Who used to be in How Ridiculous, but left? Kyle Nebel
38%
What does one of the members want you to do? Get the bell on!
31%
Lesotho
31%
Mexico
31%
What countries other than Australia have they filmed in? Turkey
31%
Serbia
23%
United Arab Emirates
23%
No matching quizzes found
Score Distribution
Percent of People with Each Score
Percentile by Number Answered
Your Score History
You have not taken this quiz since the last reset